000 00586nam a2200193Ia 4500
003 IN-BaIIA
008 211028s9999 xx 000 0 eng d
040 _cIIA Library
080 _a551.510.5
_bKEL
100 _aKelso, John M.
_94348
245 0 _aRadio ray propagation in the ionosphere
_cJohn M. Kelso
260 _aNew York
_bMcGraw-Hill
_c1964
300 _axiii, 408p.
490 _aMcGraw-Hill electronic sciences series
650 _aIonosphere
650 _aNASA Thesaurus
650 _aRadio transmission
_94349
942 _cBK
999 _c2435
_d2435